000 02197nam0a2200361 4500
001 RU\NLR\BIBL_A\011954130
005 20220728160436.0
010 _a978-5-7638-3899-2
010 _a978-5-7638-4021-6
_9100
021 _aRU
_bКН-П-19-007902
_9КН-П-19-0589
035 _a(NLR Aleph) 011954130
035 _a(RuMoRGB)009889314
090 _a11165377
_c11165377
100 _a20190306d2018 u y0rusy50 ca
101 0 _arus
102 _aRU
105 _aach|z|||000zy
200 1 _aВедомственная авиация в Красноярском крае, 1934-1950 гг.
_fМинистерство науки и высшего образования Российской Федерации, Сибирский федеральный университет, Военно-инженерный институт [и др.]
_gавторы-составители: В.В. Филлипов, А.В. Леопа, д.филос.н., проф.
210 _aКрасноярск
_cСФУ
_d2018
215 _a439 с.
_cил., портр., табл., факс.
_d21
225 1 _aАвиация Красноярского края в документах архивов, публикациях и фотографиях
_fавт.-сост.: В.В. Филиппов
300 _aВ надзаг. также: Арх. агентство Краснояр. края, КГКУ "Гос. арх. Краснояр. края"
320 _aБиблиогр.: с. 438, в конце док. и в подстроч. примеч.
606 1 _aАвиация
_xИстория
_yКрасноярский край
_z1934 - 1950
_92365826
_3RU\NLR\AUTH\661412425
686 1 _aО5,9г(2)
702 1 _4220
_7ca
_8rus
_aФилиппов
_bВ. В.
_cисторик авиации
_f1962-
_gВячеслав Викторович
_9105282
_3RU\NLR\AUTH\77122357
712 0 2 _4570
_aСибирский федеральный университет
_bВоенно-инженерный институт
_cКрасноярск
_9419747
_3RU\NLR\AUTH\880376730
942 _cBOOK
980 _aNBR
980 _aNB